000 00536nam a2200181 i 4500
001 167727
003 ES-MaACL
005 20230906213602.0
008 171019s1921 fr a |||| | fre d
100 1 _aLouis, Paul (
_d1872-1955)
_974318
245 1 3 _aLe mensonge de la paix /
_cPaul Louis.
260 _aParis :
_bClarté,
_c1921.
300 _a40 p. ;
_c19 cm.
490 1 _aConférences "Clarté" ;
_vCahier 7
830 0 _aConférences "Clarté" ;
_vCahier 7
_9182101
852 _aES-MaACL
_jF-2710(2)
999 _c167727
_d167727